000 00455nam a2200193Ia 4500
005 20240823053254.0
008 240823s9999||||xx |||||||||||||| ||und||
020 _a978-0-19-809857-7
041 _aENGLISH
082 _A324.254 Q4
100 _aBidyut Charabarty
245 0 _aCoalition Politics in India
250 _a1st
260 _c2014
_bOxford University
500 _aYES
650 _aGeneral
_bGeneral
942 _cBK
999 _c223792
_d223792